İşletmelerin kara deliği: hile: çalışan hileleri/ (Record no. 65081)
| 000 -BAŞLIK | |
|---|---|
| Sabit Uzunluktaki Kontrol Alanı | 02861nam a22004337a 4500 |
| 001 - KONTROL NUMARASI | |
| Control Dosyası | 0064852 |
| 003 - KONTROL NUMARASI KİMLİĞİ | |
| Kontrol Alanı | KOHA_MİRAKIL |
| 005 - EN SON İŞLEM TARİHİ ve ZAMANI | |
| Kontrol Alanı | 20260207004529.0 |
| 007 - FİZİKSEL TANIM SABİT ALAN - GENEL BİLGİ | |
| Sabit uzunluklu kontrol alanı | ta |
| 008 - SABİT UZUNLUKTAKİ VERİ ÖGELERİ - GENEL BİLGİ | |
| Sabit Alan | 191104b2016 tu |||gr||||#0|||0|tur | |
| 020 ## - ISBN - ULUSLARARASI STANDART KİTAP NUMARASI | |
| Isbn | 9786051060873 |
| 040 ## - KATALOGLAMA KAYNAĞI | |
| Özgün Kataloglama Kurumu | TR-BiSEU |
| Kataloglama Dili | tur |
| Çeviri Kurumu | TR-BiSEU |
| Açıklama Kuralları | rda |
| 041 0# - DİL KODU | |
| Metin ya da ses kaydının dil kodu | tur |
| 044 ## - YAYINLAYAN/ÜRETEN KURULUŞUN ÜLKE KODU | |
| ISO country code | tu |
| 050 ## - SINIFLAMA ve YER NUMARASI | |
| Sınıflama Numarası | HV6771.T9 |
| Yer Numarası | B69 2016 |
| 100 1# - KİŞİ ADI | |
| Yazar Adı (Kişi adı) | Bozkurt, Nejat. |
| 245 1# - ESER ADI BİLDİRİMİ | |
| Başlık | İşletmelerin kara deliği: hile: çalışan hileleri/ |
| Sorumluluk Bildirimi | Nejat Bozkurt ; Nejat Bozkurt. |
| 250 ## - BASIM BİLDİRİMİ | |
| Basım Bildirimi | 3. basım |
| 264 #1 - ÜRERİM, YAYIN, DAĞITIM ve TELİF BİLDİRİMİ | |
| Yayın yeri | İstanbul : |
| Yayınlayan | Alfa Yayınları |
| Yayın tarihi | 2016 |
| 300 ## - FİZİKSEL TANIMLAMA | |
| Sayfa, Cilt vb. | XXII, 458 sayfa: resimli; 24 cm. |
| 336 ## - İÇERİK TÜRÜ | |
| Content type term | metin |
| Content type code | txt |
| Source | rdacontent |
| 337 ## - MEDYA TÜRÜ | |
| Media type term | aracısız |
| Media type code | n |
| Source | rdamedia |
| 338 ## - TAŞIYICI TÜRÜ | |
| Carrier type term | cilt |
| Carrier type code | nc |
| Source | rdacarrier |
| 490 1# - DİZİ BİLDİRİMİ | |
| Dizi Bildirimi | Alfa yayınları ; |
| Cilt Numarası | 1986. |
| 490 1# - DİZİ BİLDİRİMİ | |
| Dizi Bildirimi | İşletme-İktisat-Muhasebe ; |
| Cilt Numarası | 74 |
| 500 ## - GENEL NOT | |
| Genel Not | Dizin var. |
| 500 ## - GENEL NOT | |
| Genel Not | Kaynakça var. |
| 505 ## - İÇİNDEKİLER NOTU | |
| İçindekiler Notu | Hile Yapan Birini Ortaya Çıkartmanın ve Alt Etmenin Yolu, "Hile"yi Ondan Daha İyi Bilmekten Geçmektedir. Aynen "Hilekâr Gibi Düşün" Cümlesinde Olduğu Gibi. Bu Kitabın Amacı, Dürüst İnsanların Hile Yapanlardan Bir Adım Önde Olmalarını Sağlayabilmektir. "Beni dolandırdığına inanamıyorum, o benim en güvenilir çalışanımdı." Birçok yazarın, işletmelerdeki hile ve yolsuzluklara, "Karanlık Yüz", "Kara Delik" veya "İşletme Vebası" demesi boşuna değildir. İşletmelerde hile, bir çalışanın içinde bulunduğu işletmenin kaynaklarını ve varlıklarını kasıtlı olarak uygun olmayan bir biçimde kullanarak veya ele geçirerek haksız kazanç sağlamasıdır. İşletmelerde yapılan hileler hem sıklık açısından, hem de tutar açısından giderek artmaktadır. Bu kitabı yazmaktaki amacımız ülkemizde iş hayatının her aşamasında çok fazla önemsenmeyen hile konusuna dikkati çekmek ve hareket sağlayabilmek. Kitaptan iş hayatının herhangi bir konumunda olan herkes yararlanabilir. Hile ile ilgili savaşta, patronundan en alt kademedeki çalışanına kadar herkese görev düşmektedir. Birçok işveren, kendilerinden çalınanların tutarlarını bilselerdi, koltuklarında rahat oturamazlardı. Hile durumları işyeri sahiplerinin, işletme yöneticilerinin, kurum amirlerinin ve denetçilerin en az (işletme faresi de denilen) hilekârlar kadar bilgili olmasıyla önlenebilir. Bu kitap işte bunun için yazıldı... |
| 650 #0 - KONU BAŞLIĞI EK GİRİŞ - KONU TERİMİ | |
| Konusal terim veya coğrafi ad | Ticari suçlar--Türkiye. |
| 9 (RLIN) | 9546 |
| 650 #0 - KONU BAŞLIĞI EK GİRİŞ - KONU TERİMİ | |
| Konusal terim veya coğrafi ad | Dolandırıcılık--Türkiye. |
| 9 (RLIN) | 81770 |
| 650 #0 - KONU BAŞLIĞI EK GİRİŞ - KONU TERİMİ | |
| Konusal terim veya coğrafi ad | Şirketler--Türkiye--Rüşvet. |
| 9 (RLIN) | 120837 |
| 650 #0 - KONU BAŞLIĞI EK GİRİŞ - KONU TERİMİ | |
| Konusal terim veya coğrafi ad | Commercial crimes--Turkey. |
| 9 (RLIN) | 9477 |
| 650 #0 - KONU BAŞLIĞI EK GİRİŞ - KONU TERİMİ | |
| Konusal terim veya coğrafi ad | Fraud--Turkey. |
| 9 (RLIN) | 9479 |
| 650 #0 - KONU BAŞLIĞI EK GİRİŞ - KONU TERİMİ | |
| Konusal terim veya coğrafi ad | Corporations--Turkey--Corrupt practices. |
| 9 (RLIN) | 9478 |
| 830 1# - SERİ EK GİRİŞİ - TEKBİÇİM ESER ADI | |
| Tekbiçim Başlık | Alfa yayınları ; |
| Volume number/sequential designation | 1986. |
| 9 (RLIN) | 3219 |
| 830 1# - SERİ EK GİRİŞİ - TEKBİÇİM ESER ADI | |
| Tekbiçim Başlık | İşletme-İktisat-Muhasebe ; |
| Volume number/sequential designation | 74 |
| 9 (RLIN) | 120838 |
| 907 ## - LOCAL DATA ELEMENT G, LDG (RLIN) | |
| a | Ders Kitabı |
| 942 ## - EK GİRİŞ ÖGELERİ (KOHA) | |
| Source of classification or shelving scheme | Library of Congress Classification |
| Koha item type | Book |
| Materyal Türü | Kalıcı Konum | Mevcut Konum | Raf Yeri | Sınıflandırma Kaynağı | Edinim Bilgisi | Ana Konular | Alt Konular | Yer Numarası | Demirbaş Numarası | Fatura Tarihi | Geri Çekilme Durumu | Kayıp Durumu | Hasarlı Durumu | Kredi için değil | Kayıt Tarih | Toplam Ödünçverme | Son Görülme Tarihi | Son Kontrol Tarihi |
|---|---|---|---|---|---|---|---|---|---|---|---|---|---|---|---|---|---|---|
| Book | Prof. Dr. Azmi Özcan Kütüphanesi | Prof. Dr. Azmi Özcan Kütüphanesi | Uluğbey Salonu | Library of Congress Classification | Satın | SOSYAL BİLİMLER | Sosyal Patoloji, Sosyal ve Kamu Refahı, Kriminoloji | HV6771.T9 B69 2016 | 0064852 | 02/02/2026 | 04/11/2019 | 3 | 03/06/2025 | 03/06/2025 |
